00671nam a2200193Ia 4500008004100000020001500041082001400056100002200070245008500092250000800177260004000185300003100225500001900256600002700275650001500302942000700317952013600324999001700460240925s9999 xx 000 0 und d a8123904053 a604.2 CBS aCB S , Publishers 0aProblems & Solutions in Elementary Engineering Drawing: plane and solid geometry a1st aNew Delhi:bCBS Publicationc,1995. axxlx,1139p.bN.AfOriginal aIncludes Index aElectrical Engineering aTechnology cBK 001040708ELaUITUbUITUd2011-04-04ePak Manifesto Enterprisesg414.20l0o604.2 CBSpQ8711r2024-09-25 07:15:03w2024-09-25yBK c11210d11210